Films très mal décrits - Statistiques

Statistiques générales
  • Ce quiz a été pris 745 fois
  • Le résultat moyen est 5 sur 10
Statistiques - réponses
Hint Réponse % Correct
Imaginez un ogre vert qui pue des pieds et tombe amoureux d'une princesse coincée dans une tour gardée par un dragon asthmatique. Ajoutez une potion magique qui transforme les gens en grenouilles et un âne qui parle en langage SMS, et vous obtenez ce chef-d'œuvre d'animation parodié par des Muppets sous acide. Shrek
96%
Un raton laveur expert en kung-fu et un arbre parlant voyagent dans l'espace avec un groupe de loosers attachants pour défoncer la gueule des méchants pas si méchants. Les Gardiens de la Galaxie
76%
Un type avec un fouet et un chapeau en cuir claque des doigts et fait apparaître des dinosaures. Ils foutent le bordel, c’était prévisible. Jurassic Park
74%
Un gamin catapulté dans une armoire Ikea géante qui le transporte dans un pays peuplé de lions végétariens qui ont peur des souris, de sorcières qui transforment les gens en kebabs et d'une armée de lapins ninjas. Sa mission ? Retrouver la dernière télécommande du salon avant que les piles ne soient mortes. Le Monde de Narnia
59%
Un singe mystique et un peu perché vit dans un baobab et parle avec des fruits pour conseiller le futur roi. Le Roi Lion
58%
Une jeune fille possédée par un démon qui danse la techno et parle en argot gothique. Les sauveurs ? Deux vieux curés sourds qui chantent du faux opéra et aspergent d'eau bénite périmée. Un film d'horreur parodié par des marionnettes sataniques, âmes sensibles s'abstenir ! L'Exorciste
56%
Imaginez Indiana Jones, mais avec des perroquets et une carte au trésor remplie de blagues Carambar. Ajoutez une pincée de Scooby-Doo pour les énigmes foireuses et vous obtenez ce film d'aventure où l'on se demande si les vrais trésors ne sont pas l'amitié et les fous rires. Pirates des Caraibes
39%
Imaginez Sherlock Holmes sous acide, traquant un tueur en série qui laisse des indices dignes d'un enfant de 5 ans. Ajoutez une bonne dose de grimaces et de cascades improbables et vous obtenez ce thriller qui vous fera douter de vos propres capacités intellectuelles. Seven
22%
Un grand blond avec une moustache impropable et un accent chantant sauve le monde d'une catastrophe en conduisant une 205 Turbo. Taxi
19%
Des ados boutonneux avec des costumes en lycra moulant qui sauvent le monde à coups de toiles d'araignée et de blagues vaseuses. Imaginez Spiderman version Baby Gross, avec des combats chorégraphiés par des hamsters sous l'effet du café,et vous avez le film. Les Indestructibles
3%
Aucun quiz correspondant
Distribution des résultats
% des personnes avec chaque résultat
Percentile par nombre de réponses
Votre historique - résultats
Vous n’avez pas pris ce quiz